Evropské instituce

Gespeichert in:
Bibliographische Detailangaben
1. Verfasser: Moreau Defarges, Philippe
Weitere Verfasser: Karlická, Marta
Format: Buch
Sprache:Tschechisch
Veröffentlicht: Praha Karolinum 2002
Schlagworte:
Tags: Tag hinzufügen
Keine Tags, Fügen Sie das erste Tag hinzu!

MARC

LEADER 00000nam$a2200000$$$4500
001 0023086
005 20221129100917.2
020 |a 80-246-0086-2 
041 0 |a cze 
044 |a CZ 
245 1 0 |a Evropské instituce  |c Philippe Moreau Defarges ; přeložila: Marta Karlická 
264 1 |a Praha  |b Karolinum  |c 2002 
300 |a 221 s. 
610 2 0 |a organizácie medzinárodné 
610 2 0 |a Európska únia 
610 2 0 |a Európske spoločenstvá 
610 2 0 |a integrácia ekonomická medzinárodná 
610 2 0 |a spolupráca medzinárodná 
610 2 0 |a spolupráca hospodárska medzinárodná 
100 1 |a Moreau Defarges, Philippe 
700 1 |a Karlická, Marta